Bibliographic Details
Corporate Author: SEMINAR Pengembangan Bumiputra dalam Perindustrian Kayu
Format: Book
Published: (Kuala Lumpur : s.n. , 1981)
Subjects:

MARC

LEADER 00000cam a2200000 7i4500
001 0000003041
005 20040410.0
090 0 0 |a C338.17498   |b SEM 1981 
110 1 0 |a SEMINAR Pengembangan Bumiputra dalam Perindustrian Kayu   |k 1981   |j Kuala Lumpur 
245 1 0
260 0 0 |a (Kuala Lumpur :   |b s.n. ,   |c 1981) 
300 |a Various pagings ;   |c 30 cm. 
650 0 0 |a Timber industry   |x Economic aspects   |x Congresses 
998 |a JPSM 
999 |a 0000004873   |b Monograph   |c Conference kit   |e Default branch